Guía para la convivencia en el aula /
Guardado en:
| Autor Principal: | |
|---|---|
| Otros Autores: | , , , , , , |
| Formato: | Libro |
| Publicado: |
Bilbao :
Wolters Kluwer,
2007
|
| Edición: | 4a. ed. |
| Series: | Educación emocional y en valores
|
| Materias: | |
| Etiquetas: |
Agregar Etiqueta
Sin Etiquetas, Sea el primero en etiquetar este registro!
|
| LEADER | 01633nam a22003135a 4500 | ||
|---|---|---|---|
| 001 | CEM.cems013537 | ||
| 005 | 20110513123454.0 | ||
| 008 | 130507s2007##################000#0#####d | ||
| 003 | CEMS | ||
| 020 | |a 9788471978707 | ||
| 082 | 0 | 4 | |a 371.5 |
| 100 | 1 | |a Fernández García, Isabel | |
| 245 | 1 | 0 | |a Guía para la convivencia en el aula / |c Autora y Coordinadora Isbael Fernández García y Otros |
| 250 | |a 4a. ed. | ||
| 260 | |a Bilbao : |b Wolters Kluwer, |c 2007 | ||
| 300 | |a 202 p. | ||
| 490 | 0 | |a Educación emocional y en valores | |
| 505 | 0 | |a Cap. 1: Qué entendemos por disrupción? -- Cap. 2: Al reencuentro de la motivación -- Cap. 3:Aprendizaje y convivencia en Educación Infantil y Primaria -- Cap. 4: Implicación del alumnado en el establecimiento de normas de clase: Normas consensuadas, normas aceptadas -- Cap. 5: El clima de aula -- Cap. 6: Enseñar y aprender a sentir en el centro educativo: Una responsabilidad compartida -- Cap. 7: El profesor en el aula: cómo mejorar la práctica docente -- Cap. 8: Nuevos enfoques de actuación ante el conflicto y los problemas de convivencia escolar -- Cap. 9: Los conflictos según el profesorado> ¿Qué son y cómo resolverlos? | |
| 653 | |a Convivencia en el aula | ||
| 653 | |a Disciplina escolar | ||
| 653 | |a Práctica docente | ||
| 700 | 1 | |a Angulo Sáinz, Juan Antonio | |
| 700 | 1 | |a Barriocanal Cantoral, Luis | |
| 700 | 1 | |a Callejón Espinosa, María Mar | |
| 700 | 1 | |a Funes Lapponi, Silvia | |
| 700 | 1 | |a Lucas, María Teresa | |
| 700 | 1 | |a Torrego, Juan Carlos | |
| 700 | 1 | |a Villaoslada, Emiliana | |
| 859 | |a CEMS |b BIB. CEMS - 11 de abril |h 371.5 |i F391a4 |p 26157.11 |t Ej.1 | ||
